| 000 | 00604nam a2200205 4500 | ||
|---|---|---|---|
| 001 | 143431 | ||
| 003 | ES-MaACL | ||
| 007 | t| | ||
| 008 | 070214s1985 sp r ||||1| spa d | ||
| 020 | _a84-86152-119 | ||
| 100 | 1 |
_aSenent Sánchez, Carlos Jesús. _9105460 |
|
| 245 | 1 | 0 |
_aAlergología / _cCarlos Jesús Senent Sánchez, Feliciano Gonzalo Reques. |
| 260 |
_aMadrid : _bLuzán 5, _c1985. |
||
| 300 |
_a527 p. : _bil. ; _c24 cm. |
||
| 490 | 1 | _aPregado | |
| 700 | 1 |
_aGonzalo Reques, Feliciano. _959065 |
|
| 830 | 0 |
_aPregado _9220562 |
|
| 852 |
_aES-MaACL _jC-60 _bR.114363 |
||
| 999 |
_c143431 _d143431 |
||